[Event "Camp. Commonwealth 2008"]
[Site "Nagpur IND"]
[Date "2008.09.30"]
[Round "4"]
[White "Mehta, P."]
[Black "Shoumi, M."]
[Result "1-0"]
[WhiteElo "2084"]
[BlackElo "1790"]
[PlyCount "69"]
[EventDate "2008.09.28"]
[Source "www.chesslib.no"]
[SourceDate "2004.05.04"]

1. e4 c5 2. Nc3 Nc6 3. g3 g6 4. Bg2 Bg7 5. d3 e6 6. Be3 Nd4 7. Nce2 Ne7 8. c3 Nxe2 9. Nxe2 d6 10. Qd2 O-O 11. Bh6 f5 12. h4 Rf7 13. h5 Qf8 14. hxg6 Nxg6 15. Bxg7 Rxg7 16. f4 Rb8 17. O-O-O b5 18. exf5 Qxf5 19. Be4 Qf7 20. d4 b4 21. dxc5 bxc3 22. Qxc3 Ba6 23. Nd4 Nxf4 24. Rd2 dxc5 25. Nc6 Ne2+ 26. Rxe2 Bxe2 27. Nxb8 Bb5 28. Nc6 Bxc6 29. Bxc6 Qg6 30. Rd1 Qg5+ 31. Kc2 Qf5+ 32. Kc1 Qg5+ 33. Qd2 Qxd2+ 34. Rxd2 Rxg3 35. Rd8+ 1-0

[Event "Val Maubuee Open"]
[Site "Val Maubuee"]
[Date "1988.??.??"]
[Round "?"]
[White "Vuillerme, F."]
[Black "Sheer, P."]
[Result "0-1"]
[WhiteElo "2000"]
[BlackElo "1840"]
[PlyCount "54"]
[EventDate "1988.??.??"]
[Source "www.chesslib.no"]
[SourceDate "2004.05.04"]

1. e4 c5 2. Nc3 Nc6 3. g3 g6 4. Bg2 Bg7 5. d3 e6 6. Be3 Nd4 7. Nce2 d6 8. c3 Nxe2 9. Nxe2 Ne7 10. Qd2 Qc7 11. Rb1 O-O 12. Bh6 e5 13. h4 f6 14. Bxg7 Kxg7 15. h5 g5 16. h6+ Kh8 17. f4 gxf4 18. gxf4 Rg8 19. Kf2 Be6 20. f5 Bxa2 21. Rbg1 Bf7 22. Bf3 Rxg1 23. Rxg1 Rg8 24. Qe1 Qd8 25. Ke3 Rxg1 26. Nxg1 Qf8 27. Qh4 Ng8 0-1

[Event "Centrocoop June op-B"]
[Site "?"]
[Date "1998.??.??"]
[Round "?"]
[White "Razdolksky Ilija"]
[Black "Vicol Dorian"]
[Result "1-0"]
[WhiteElo "1650"]
[BlackElo "2075"]
[PlyCount "126"]
[EventDate "1998.??.??"]
[Source "www.chesslib.no"]
[SourceDate "2004.05.04"]

1. e4 c5 2. Nc3 Nc6 3. g3 g6 4. Bg2 Bg7 5. d3 e6 6. Be3 Nd4 7. Nce2 Nxe2 8. Nxe2 Bxb2 9. Rb1 Bg7 10. Bxc5 d6 11. Bb4 Ne7 12. O-O O-O 13. Qc1 Qc7 14. c4 Nc6 15. Bc3 e5 16. Qa3 Bg4 17. f3 Be6 18. f4 Bg4 19. Bf3 Bxf3 20. Rxf3 b6 21. Bb4 Rfd8 22. Rbf1 Rd7 23. Kg2 Re8 24. Qa4 exf4 25. Nxf4 Ne5 26. Nd5 Qb7 27. Re3 Ng4 28. Re2 Ne5 29. Qb3 Nc6 30. Bc3 Ne5 31. Bxe5 dxe5 32. Ref2 Qc6 33. Rf3 Rf8 34. Qa3 Qd6 35. Qa4 Rdd8 36. Qxa7 Ra8 37. Qxb6 Rxa2+ 38. R1f2 Qxb6 39. Nxb6 Ra6 40. Nd5 f6 41. Rb2 Ra7 42. Rff2 f5 43. c5 fxe4 44. Rxf8+ Bxf8 45. Nf6+ Kf7 46. Nxe4 Rc7 47. Rf2+ Kg7 48. Ng5 Rc6 49. Rc2 h6 50. Ne4 g5 51. Kf3 Kg6 52. Rb2 Kf5 53. Rb6 g4+ 54. Ke2 Re6 55. c6 Bd6 56. Nxd6+ Rxd6 57. c7 Rxb6 58. c8=Q+ Kg5 59. Qd8+ Rf6 60. Qd5 Kf5 61. Qe4+ Kg5 62. Qxe5+ Rf5 63. Qg7+ Kh5 1-0

[Event "Ambelokipi op"]
[Site "?"]
[Date "1999.??.??"]
[Round "4"]
[White "Kokolias Konstantinos"]
[Black "Koutsambelas Chr"]
[Result "1/2-1/2"]
[WhiteElo "2010"]
[BlackElo "1700"]
[PlyCount "48"]
[EventDate "1999.??.??"]
[Source "www.chesslib.no"]
[SourceDate "2004.05.04"]

1. e4 c5 2. Nc3 Nc6 3. g3 g6 4. Bg2 Bg7 5. d3 e6 6. Be3 Nd4 7. Nce2 Ne7 8. c3 Nxe2 9. Nxe2 d6 10. O-O O-O 11. d4 Qc7 12. Qd2 Rb8 13. Bh6 b5 14. Bxg7 Kxg7 15. a4 Bd7 16. dxc5 dxc5 17. axb5 Bxb5 18. Rfd1 Rfd8 19. Qc2 Bc4 20. Rxd8 Rxd8 21. Rd1 Rb8 22. Qd2 Qb6 23. b4 cxb4 24. cxb4 Qxb4 1/2-1/2